00557nam a2200181Ia 4500999001500000020001800015082001500033245003900048260004800087300001300135504001900148650000900167650002600176700002100202700002500223942000700248952012000255 c8050d8050 a9781107006515 a155.2 HAN- 0aHandbook of dialogical self theory aCambridgebCambridge University Pressc2012 axix, 503 aincludes index aSELF aIDENTITY (PSYCHOLOGY) aGieser, Thorsten aHermans, Hubert J.M. cBK 00104070aNASSDOCbNASSDOCd2013-03-08eOPi2013-02-26l0o155.2 HAN-p48113r2019-04-18 00:00:00w2019-04-18yBK